000 00526nam a2200193Ia 4500
003 GCL
008 140319s9999 xx 000 0 ara d
040 _aGCL /
_cGCL
082 0 4 _a346.02
_bاع
100 1 _aاحمد محمود محرز
245 1 0 _aالعقود التجارية /
_cاحمد محمود محرز
260 _a[S.N] :
_bدار النهضة العربية
300 _a240 ص
490 _a
650 0 4 _aمصر
650 0 4 _aالقانون المدنى
650 0 4 _aالعقود
942 _2ddc
_cBK
999 _c50074
_d50074